000 01365nam0a22002771 4500
001 rc\4985285
005 20250613054012.0
021 _aRU
_bРг796-60
035 _a(NLR Aleph) 008969726
090 _a9116973
_c9116973
100 _a20130430d1960 |||y0rusy50 ca
101 0 _arus
102 _aRU
105 _ay z |||||
200 1 _aРабочее оборудование вскрышных экскаваторов
_e(Тезисы доклада)
_fМоск. ордена Труд. Красного Знамени инж.-строит. ин-т им. В.В. Куйбышева. Межвузовская конференция по вопросу механизации открытых горных и массовых земляных работ
210 _a[Москва
_cБ. и.
_d1960]
215 _a[2] с.
_d21
300 _aБез тит. л. и обл.
300 _aПеред загл. авт.: Ряхин, В.А., канд. техн. наук
700 1 _aРяхин
_bВ.А.
_gВиктор Александрович
712 0 2 _aМежвузовская конференция по вопросу механизации открытых горных и массовых земляных работ (1959; Москва)
801 0 _aRU
_bNLR
_gpsbo
801 1 _aRU
_bELAR
_2rusmarc
852 _aNLR
_j60-4/217
942 _cBOOK
980 _aNB